02037agaaa2200337 45000010005000000030009000050050017000140070009000310080040000400400023000800410013001031000059001161300046001752450201002212500022004222600106004443000034005505080115005845110079006995200267007785380016010455460013010616500071010747000078011457000071012237000065012947000069013599420012014289990019014409520240014597049IT-RoPAU20220918181251.0d cvaizq50131s9999||||xx ||| | || ||und|| aIT-RoPAUcIT-RoPAU aITALIANO aGrimaldi AntonellogCodice regista SPICS: 21641949277 aTOTEM: LETTURE, SUONI, LEZIONI (2)949278 aTOTEM: LETTURE, SUONI, LEZIONI (2)cProdotto da: Fandango -- Sceneggiatura: Lucio Diana -- Diretto da: Grimaldi AntonellopTOTEM: LETTURE, SUONI, LEZIONI (2) (Rif. Codice opera principale : G7049) aEdizione Standard aMILANO (ITALIA)bRCS EDITORE / Distribuzione: RAITREg"1999 (1° ed.: 2000 ; Ed. Lingua Orig.: 1998)" aVHSbsonoro, col.c134 minuti a"Fotografia: Roberto Tarasco; Musica: Tarasco Roberto; Sceneggiatura: Lucio Diana; Scenografia: Lucio Diana; " a"A.; Baricco; G.; Vacis; Eugenio; Allegri; Stefania; Rocca; Daniele; Sepe" aVIDEOCASSETTA CON LA SECONDA PARTE DELLA TRASMISSIONE TELEVISIVA DI TOTEM,ANDATA IN ONDA IL 28.12.1998 SU RAITRE. ALLEGATO OPUSCOLO DI 36 PAGINE DI COMMENTI E INTERVISTE AI PROTAGONISTI DI TOTEM. TOTEM NON E' TEATRO, MA QUALCOSA DI SIMILE: PAROLE, MUSICA E VOCI. aPAL, STEREO aITALIANO aTEATRALEeTV-TEATRO/DANZA [VHS]xCodice MATERIA SPICS: 9961949279 aBaricco Alessandroe(regista)gCodice secondo regista SPICS: 26431949280 aGrimaldi Antonello e(regista)gCodice regista SPICS: 21641949281 aTarasco Robertoe(musica)gCodice Musica SPICS: 55526949282 aVacis Gabriele e(soggetto)gCodice Soggetto SPICS: 55525949283 cVH2ddc c106889d106889 0010406G_7049_00000000000000071aSPICSbSPICSd2015-01-31l0oG7049r2015-01-31 00:00:00w2015-01-31yVHzProgr. Ins.: 3022 / N.Vol.:1 / Copie: 1 / Pag.:36 / Copia rara: NO / date import: 1.2.2015 / By Epidotti, Trombetti, Vaglietti